000 00641nam a2200241Ia 4500
005 20250425162137.0
008 250425s9999 xx 000 0 und d
020 _a968243629X
041 _aspa
082 _a630.20112
100 _aLITTLE, THOMAS M
245 0 _aMETODOS ESTADISTICOS PARA LA INVESTIGACION EN LA AGRICULTURA
250 _a1A ED.
260 _aMEXICO
260 _aMéxico
_bTRILLAS
_c1976
300 _a270
500 _aEN CIBGZ-FIMCP 50324 PARA ING. AGROP. CUARTA REIMPRESION.
650 _aAGRICULTURA
650 _aMETODOS ESTADISTICOS
700 _aHILLS, JACKSON F.
942 _c01
010 _a52808
999 _c223205
_d223205